<?xml version="1.0" encoding="UTF-8"?>
<record
    xmlns:xsi="http://www.w3.org/2001/XMLSchema-instance"
    xsi:schemaLocation="http://www.loc.gov/MARC21/slim http://www.loc.gov/standards/marcxml/schema/MARC21slim.xsd"
    xmlns="http://www.loc.gov/MARC21/slim">

  <leader>01960nam0a2200385 i 4500</leader>
  <controlfield tag="001">RU\NLR\bibl\1933595</controlfield>
  <controlfield tag="005">20241110073403.0</controlfield>
  <datafield tag="010" ind1=" " ind2=" ">
    <subfield code="a">9785916573312</subfield>
    <subfield code="9">3000</subfield>
  </datafield>
  <datafield tag="021" ind1=" " ind2=" ">
    <subfield code="a">RU</subfield>
    <subfield code="b">2012-54306</subfield>
    <subfield code="9">3958</subfield>
  </datafield>
  <datafield tag="035" ind1=" " ind2=" ">
    <subfield code="a">(NLR Aleph) 001922926</subfield>
  </datafield>
  <datafield tag="090" ind1=" " ind2=" ">
    <subfield code="a">3330730</subfield>
    <subfield code="c">3330730</subfield>
  </datafield>
  <datafield tag="100" ind1=" " ind2=" ">
    <subfield code="a">20120813d2012    u  y0rusy50      ca</subfield>
  </datafield>
  <datafield tag="101" ind1="1" ind2=" ">
    <subfield code="a">rus</subfield>
    <subfield code="c">eng</subfield>
  </datafield>
  <datafield tag="102" ind1=" " ind2=" ">
    <subfield code="a">RU</subfield>
  </datafield>
  <datafield tag="105" ind1=" " ind2=" ">
    <subfield code="a">a   |||||||||</subfield>
  </datafield>
  <datafield tag="200" ind1="1" ind2=" ">
    <subfield code="a">&#x414;&#x438;&#x437;&#x430;&#x439;&#x43D;-&#x43C;&#x44B;&#x448;&#x43B;&#x435;&#x43D;&#x438;&#x435;</subfield>
    <subfield code="e">&#x43E;&#x442; &#x440;&#x430;&#x437;&#x440;&#x430;&#x431;&#x43E;&#x442;&#x43A;&#x438; &#x43D;&#x43E;&#x432;&#x44B;&#x445; &#x43F;&#x440;&#x43E;&#x434;&#x443;&#x43A;&#x442;&#x43E;&#x432; &#x434;&#x43E; &#x43F;&#x440;&#x43E;&#x435;&#x43A;&#x442;&#x438;&#x440;&#x43E;&#x432;&#x430;&#x43D;&#x438;&#x44F; &#x431;&#x438;&#x437;&#x43D;&#x435;&#x441;-&#x43C;&#x43E;&#x434;&#x435;&#x43B;&#x435;&#x439;</subfield>
    <subfield code="f">&#x422;&#x438;&#x43C; &#x411;&#x440;&#x430;&#x443;&#x43D;</subfield>
    <subfield code="g">&#x43F;&#x435;&#x440;. &#x441; &#x430;&#x43D;&#x433;&#x43B;. &#x412;&#x43B;&#x430;&#x434;&#x438;&#x43C;&#x438;&#x440;&#x430; &#x425;&#x43E;&#x437;&#x438;&#x43D;&#x441;&#x43A;&#x43E;&#x433;&#x43E;</subfield>
  </datafield>
  <datafield tag="210" ind1=" " ind2=" ">
    <subfield code="a">&#x41C;&#x43E;&#x441;&#x43A;&#x432;&#x430;</subfield>
    <subfield code="c">&#x41C;&#x430;&#x43D;&#x43D;, &#x418;&#x432;&#x430;&#x43D;&#x43E;&#x432; &#x438; &#x424;&#x435;&#x440;&#x431;&#x435;&#x440;</subfield>
    <subfield code="d">2012</subfield>
  </datafield>
  <datafield tag="215" ind1=" " ind2=" ">
    <subfield code="a">252 &#x441;.</subfield>
    <subfield code="c">&#x438;&#x43B;.</subfield>
    <subfield code="d">24</subfield>
  </datafield>
  <datafield tag="300" ind1=" " ind2=" ">
    <subfield code="a">&#x417;&#x430;&#x433;&#x43B;. &#x43E;&#x431;&#x43B;.: &#x414;&#x438;&#x437;&#x430;&#x439;&#x43D;-&#x43C;&#x44B;&#x448;&#x43B;&#x435;&#x43D;&#x438;&#x435; &#x432; &#x431;&#x438;&#x437;&#x43D;&#x435;&#x441;&#x435;</subfield>
  </datafield>
  <datafield tag="300" ind1=" " ind2=" ">
    <subfield code="a">&#x417;&#x430;&#x433;&#x43B;. &#x438; &#x430;&#x432;&#x442;. &#x43E;&#x440;&#x438;&#x433;.: Change by design: how design thinking transforms organizations and inspires innovation / Tim Brown</subfield>
  </datafield>
  <datafield tag="454" ind1=" " ind2="0">
    <subfield code="1">2001#$aChange by design: how design thinking transforms organizations and inspires innovation</subfield>
    <subfield code="1">700#1$aBrown$bT.$gTim$c&#x434;&#x438;&#x437;&#x430;&#x439;&#x43D;&#x435;&#x440;$3RU\NLR\AUTH\770184087$4070</subfield>
    <subfield code="t">Change by design: how design thinking transforms organizations and inspires innovation</subfield>
    <subfield code="a">Brown, Tim (&#x434;&#x438;&#x437;&#x430;&#x439;&#x43D;&#x435;&#x440;)</subfield>
  </datafield>
  <datafield tag="512" ind1="1" ind2=" ">
    <subfield code="6">z45790</subfield>
    <subfield code="a">&#x414;&#x438;&#x437;&#x430;&#x439;&#x43D;-&#x43C;&#x44B;&#x448;&#x43B;&#x435;&#x43D;&#x438;&#x435; &#x432; &#x431;&#x438;&#x437;&#x43D;&#x435;&#x441;&#x435;</subfield>
  </datafield>
  <datafield tag="606" ind1="1" ind2=" ">
    <subfield code="a">&#x41F;&#x440;&#x435;&#x434;&#x43F;&#x440;&#x438;&#x43D;&#x438;&#x43C;&#x430;&#x442;&#x435;&#x43B;&#x44C;&#x441;&#x442;&#x432;&#x43E;</subfield>
    <subfield code="x">&#x423;&#x43F;&#x440;&#x430;&#x432;&#x43B;&#x435;&#x43D;&#x438;&#x435;</subfield>
    <subfield code="9">2217130</subfield>
    <subfield code="3">RU\NLR\auth\661331537</subfield>
  </datafield>
  <datafield tag="606" ind1=" " ind2=" ">
    <subfield code="a">&#x422;&#x432;&#x43E;&#x440;&#x447;&#x435;&#x441;&#x43A;&#x43E;&#x435; &#x43C;&#x44B;&#x448;&#x43B;&#x435;&#x43D;&#x438;&#x435;</subfield>
    <subfield code="9">1710349</subfield>
    <subfield code="3">RU\NLR\auth\66762213</subfield>
  </datafield>
  <datafield tag="686" ind1=" " ind2=" ">
    <subfield code="a">&#x423;5-13-21</subfield>
  </datafield>
  <datafield tag="686" ind1=" " ind2=" ">
    <subfield code="a">&#x42E;935.131.2</subfield>
  </datafield>
  <datafield tag="686" ind1=" " ind2=" ">
    <subfield code="a">&#x42E;945.1</subfield>
  </datafield>
  <datafield tag="700" ind1=" " ind2="1">
    <subfield code="4">070</subfield>
    <subfield code="7">ca</subfield>
    <subfield code="8">rus</subfield>
    <subfield code="a">&#x411;&#x440;&#x430;&#x443;&#x43D;</subfield>
    <subfield code="b">&#x422;.</subfield>
    <subfield code="c">&#x434;&#x438;&#x437;&#x430;&#x439;&#x43D;&#x435;&#x440;</subfield>
    <subfield code="g">&#x422;&#x438;&#x43C;</subfield>
    <subfield code="9">184035</subfield>
    <subfield code="3">RU\NLR\AUTH\770184086</subfield>
  </datafield>
  <datafield tag="790" ind1=" " ind2="1">
    <subfield code="4">070</subfield>
    <subfield code="7">ca</subfield>
    <subfield code="8">rus</subfield>
    <subfield code="a">&#x411;&#x440;&#x430;&#x443;&#x43D;</subfield>
    <subfield code="b">&#x422;.</subfield>
    <subfield code="c">&#x434;&#x438;&#x437;&#x430;&#x439;&#x43D;&#x435;&#x440;</subfield>
    <subfield code="g">&#x422;&#x438;&#x43C;</subfield>
    <subfield code="9">184035</subfield>
    <subfield code="3">RU\NLR\AUTH\770184086</subfield>
  </datafield>
  <datafield tag="801" ind1=" " ind2="0">
    <subfield code="a">RU</subfield>
    <subfield code="b">NLR</subfield>
    <subfield code="c">20120813</subfield>
    <subfield code="g">RCR</subfield>
  </datafield>
  <datafield tag="801" ind1=" " ind2="1">
    <subfield code="a">RU</subfield>
    <subfield code="b">NLR</subfield>
    <subfield code="c">20120813</subfield>
  </datafield>
  <datafield tag="942" ind1=" " ind2=" ">
    <subfield code="c">BOOK</subfield>
  </datafield>
  <datafield tag="980" ind1=" " ind2=" ">
    <subfield code="a">NBR</subfield>
  </datafield>
</record>
